|
|
|
|
| LEADER |
00000nam0a2200000 4500 |
| 001 |
51590 |
| 005 |
20231031040208.0 |
| 035 |
|
|
|a (RuTPU)RU\TPU\book\54013
|
| 090 |
|
|
|a 51590
|
| 100 |
|
|
|a 20030505d1984 km y0rusy50 ca
|
| 101 |
0 |
|
|a rus
|
| 102 |
|
|
|a RU
|
| 105 |
|
|
|a a z 001zy
|
| 200 |
1 |
|
|a Релейная защита и автоматика на электроподстанциях, питающих синхронные двигатели
|f М. А. Шабад
|
| 210 |
|
|
|a Ленинград
|c Энергоатомиздат
|d 1984
|
| 215 |
|
|
|a 62 с.
|c ил.
|
| 225 |
1 |
|
|a Библиотека электромонтера
|v Вып. 565
|
| 320 |
|
|
|a Библиогр.: с. 61.
|
| 610 |
1 |
|
|a релейная защита
|
| 610 |
1 |
|
|a автоматика
|
| 610 |
1 |
|
|a электроподстанции
|
| 610 |
1 |
|
|a синхронные двигатели
|
| 610 |
1 |
|
|a электропитание
|
| 610 |
1 |
|
|a аварийные режимы
|
| 675 |
|
|
|a 621.311.4:621.316.925
|v 3
|
| 700 |
|
1 |
|a Шабад
|b М. А.
|g Михаил Абрамович
|
| 801 |
|
1 |
|a RU
|b 63413507
|c 20030505
|g PSBO
|
| 801 |
|
2 |
|a RU
|b 63413507
|c 20210126
|g PSBO
|
| 942 |
|
|
|c BK
|